[Event "1. OEsterreichische Internet Schach Meisterschaft - Vorrunde 2"]
[Site "Online - Playchess.com"]
[Date ""]
[Round "3"]
[Board "71"]
[White "Hofmann, Thomas"]
[Black "Riegler, Moritz"]
[Result "1/2-1/2"]
[WhiteElo "2215"]
[BlackElo "1705"]
[PlyCount "160"]
[EventDate "2020.04.13"]
[EventRounds "9"]
[EventCountry "AUT"]

1. d4 d5 2. c4 c6 3. Nc3 Nf6 4. cxd5 cxd5 5. f3 e6 6. e4 dxe4 7. fxe4 Nc6 8. Nf3
Bb4 9. Bg5 Be7 10. Bxf6 Bxf6 11. e5 Be7 12. Be2 a6 13. O-O O-O 14. Kh1 Bb4 15. a3
Ba5 16. Qd3 Ne7 17. Bd1 Bb6 18. Bc2 Ng6 19. Rad1 Bd7 20. d5 exd5 21. Nxd5 Ba7 22.
Nf4 Bb5 23. Qxd8 Raxd8 24. Nxg6 hxg6 25. Rfe1 Bf2 26. Rxd8 Rxd8 27. Rd1 Rxd1+ 28.
Bxd1 Bc4 29. Bc2 Be3 30. Be4 b6 31. Bc2 Bd5 32. b3 a5 33. a4 Bxf3 34. gxf3 Bf4 35.
e6 fxe6 36. Bxg6 e5 37. Kg2 Kf8 38. h4 Ke7 39. Kh3 Kf6 40. Be4 Ke7 41. Kg4 Kd6 42.
Kf5 Kc5 43. h5 Kb4 44. Bd5 Kc5 45. Bc4 Kd4 46. Kg6 Bh6 47. Kf7 Ke3 48. Bd5 Kd4 49.
Be4 Kc5 50. Ke6 Bf4 51. Bd5 b5 52. axb5 Kxb5 53. Kf7 Bh6 54. Bc4+ Kb4 55. Be6 a4
56. bxa4 Kxa4 57. Bd5 Kb4 58. Ke6 Kc5 59. Kxe5 Bg5 60. f4 Bh6 61. Be4 Kc4 62. Bb1
Kc5 63. Kf5 Kd6 64. Ba2 Ke7 65. Ke5 Kf8 66. f5 Ke7 67. Bb3 Bg5 68. Ba4 Bh6 69. Bb5
Bg5 70. Ke4 Kf6 71. Bd7 Bh6 72. Be8 Bg5 73. Bg6 Bh6 74. Kd5 Bg5 75. Kd6 Bh6 76. Kd7
Bg5 77. Ke8 Bh6 78. Kf8 Bg5 79. Ke8 Bh6 80. Kd7 Bg5  1/2-1/2

[Event "1. OEsterreichische Internet Schach Meisterschaft - Vorrunde 2"]
[Site "Online - Playchess.com"]
[Date ""]
[Round "3"]
[Board "73"]
[White "Pernerstorfer, Max"]
[Black "Simon, Christopher"]
[Result "1-0"]
[WhiteElo "2066"]
[BlackElo "1824"]
[PlyCount "63"]
[EventDate "2020.04.13"]
[EventRounds "9"]
[EventCountry "AUT"]

1. e4 g6 2. d4 Bg7 3. Nc3 d6 4. Be3 Nf6 5. f3 O-O 6. Qd2 Re8 7. O-O-O a6 8. h4 h5
9. Bh6 Bh8 10. Bc4 b5 11. Bb3 Nc6 12. Nh3 Na5 13. Qe3 Nxb3+ 14. axb3 e5 15. dxe5
Rxe5 16. Bf4 Rc5 17. Qxc5 Bd7 18. Qe3 a5 19. Bg5 Qb8 20. e5 b4 21. Bxf6 bxc3 22.
Qxc3 Bxf6 23. exf6 a4 24. Ng5 a3 25. bxa3 Rxa3 26. Kb2 Ra7 27. Ra1 Rb7 28. Qc4 Be8
29. Rhe1 c5 30. Re7 Rb4 31. Qd5 Rd4 32. Qa8  1-0

[Event "1. OEsterreichische Internet Schach Meisterschaft - Vorrunde 2"]
[Site "Online - Playchess.com"]
[Date ""]
[Round "3"]
[Board "74"]
[White "Stolzlechner, Thomas"]
[Black "Kellner, Nikolaus"]
[Result "1-0"]
[WhiteElo "2037"]
[BlackElo "1685"]
[PlyCount "73"]
[EventDate "2020.04.13"]
[EventRounds "9"]
[EventCountry "AUT"]

1. e4 d5 2. exd5 Nf6 3. d4 Bg4 4. Be2 Bxe2 5. Nxe2 Qxd5 6. O-O e6 7. c4 Qh5 8. Nbc3
Nc6 9. Qa4 O-O-O 10. Be3 Qa5 11. h3 Bb4 12. Qxa5 Bxa5 13. a3 Bxc3 14. bxc3 Na5 15.
c5 Nc4 16. Nf4 Nd5 17. Nxd5 Rxd5 18. Rfe1 Rf8 19. Bf4 g5 20. Bc1 h6 21. a4 b6 22.
cxb6 cxb6 23. Ba3 Re8 24. Bb4 f5 25. a5 b5 26. Re2 e5 27. Rae1 e4 28. f3 e3 29. g3
f4 30. Kg2 a6 31. g4 Kd7 32. Rh1 Kc6 33. h4 Re6 34. hxg5 hxg5 35. Rh7 Nb2 36. Ra7
Nd3 37. Rxa6+  1-0

[Event "1. OEsterreichische Internet Schach Meisterschaft - Vorrunde 2"]
[Site "Online - Playchess.com"]
[Date ""]
[Round "3"]
[Board "75"]
[White "Rotter, Harald"]
[Black "Ploeckinger, Paul"]
[Result "1-0"]
[WhiteElo "1854"]
[BlackElo "1334"]
[PlyCount "83"]
[EventDate "2020.04.13"]
[EventRounds "9"]
[EventCountry "AUT"]

1. e4 c5 2. Nf3 Nc6 3. c3 e6 4. Bb5 d5 5. exd5 exd5 6. d4 cxd4 7. Nxd4 Bd7 8. O-O
Nxd4 9. Bxd7+ Qxd7 10. Qxd4 Nf6 11. Bg5 Be7 12. Nd2 O-O 13. Nf3 h6 14. Bh4 Rfe8 15.
Rad1 Rad8 16. Rfe1 g5 17. Bg3 Bd6 18. Qxf6 Bxg3 19. hxg3 Re6 20. Rxe6 Qxe6 21. Qxe6
fxe6 22. Ne5 Rd6 23. f4 gxf4 24. gxf4 a5 25. g3 Kg7 26. Kg2 Kf6 27. Rh1 Kg7 28. Rxh6
Rb6 29. Rg6+ Kh7 30. b3 a4 31. bxa4 Rb2+ 32. Kf3 Rxa2 33. Rxe6 Rxa4 34. Re7+ Kg8
35. Rxb7 Ra3 36. Rd7 Rxc3+ 37. Kg4 Rc5 38. Kg5 Ra5 39. Rd6 Rb5 40. Kg6 Kf8 41. Nc6
Ke8 42. Rd8#  1-0

[Event "1. OEsterreichische Internet Schach Meisterschaft - Vorrunde 2"]
[Site "Online - Playchess.com"]
[Date ""]
[Round "3"]
[Board "76"]
[White "Ticar, Clemens"]
[Black "Galler, Alexander"]
[Result "1-0"]
[WhiteElo "1753"]
[BlackElo "1772"]
[PlyCount "71"]
[EventDate "2020.04.13"]
[EventRounds "9"]
[EventCountry "AUT"]

1. Nf3 d5 2. c4 dxc4 3. Na3 Nc6 4. Nxc4 Nf6 5. d4 e6 6. Bg5 Be7 7. g3 O-O 8. Bg2
Bb4+ 9. Ncd2 h6 10. Bxf6 Qxf6 11. a3 Bxd2+ 12. Qxd2 Bd7 13. O-O Rfd8 14. e3 Rab8
15. Qc2 Rbc8 16. b4 Ne7 17. Rfc1 Bb5 18. Ne5 c6 19. Nd3 Nd5 20. Nc5 b6 21. Nd3 Qg6
22. Ne5 Qxc2 23. Rxc2 f6 24. a4 Nxb4 25. Rb2 fxe5 26. axb5 Nd3 27. Rba2 cxb5 28.
Rxa7 exd4 29. exd4 Rc3 30. Rb7 Rd6 31. Be4 Rd8 32. Bg6 Kf8 33. Raa7 Rc1+ 34. Kg2
Ne1+ 35. Kh3 Rdc8 36. Rxg7  1-0

[Event "1. OEsterreichische Internet Schach Meisterschaft - Vorrunde 2"]
[Site "Online - Playchess.com"]
[Date ""]
[Round "3"]
[Board "77"]
[White "Haemmerle, Dietmar"]
[Black "Kaltenbeck, Dieter"]
[Result "1-0"]
[WhiteElo "1762"]
[BlackElo "1314"]
[PlyCount "43"]
[EventDate "2020.04.13"]
[EventRounds "9"]
[EventCountry "AUT"]

1. e4 c6 2. Nf3 d5 3. exd5 cxd5 4. d4 Nc6 5. Be2 Bd7 6. O-O Qc7 7. Re1 O-O-O 8. a3
h5 9. b4 e6 10. g3 Nce7 11. Bf4 Qb6 12. Qd3 Nf5 13. Qc3+ Qc6 14. Qxc6+ bxc6 15. c4
Be7 16. cxd5 cxd5 17. Rc1+ Kb7 18. Rc7+ Kb6 19. a4 Bxb4 20. Ra2 a5 21. Rb2 Rc8 22.
Rxd7  1-0

[Event "1. OEsterreichische Internet Schach Meisterschaft - Vorrunde 2"]
[Site "Online - Playchess.com"]
[Date ""]
[Round "3"]
[Board "79"]
[White "Iro, Christian"]
[Black "Miazhynski, Michael"]
[Result "1-0"]
[WhiteElo "2081"]
[BlackElo "1827"]
[PlyCount "143"]
[EventDate "2020.04.13"]
[EventRounds "9"]
[EventCountry "AUT"]

1. e4 c5 2. Nf3 e6 3. d4 cxd4 4. Nxd4 d6 5. Nc3 a6 6. Be2 Nf6 7. O-O b5 8. a3 Bb7
9. f3 Nbd7 10. Be3 Be7 11. Qd2 Rc8 12. Nb3 O-O 13. Rad1 Qc7 14. Bf4 Nh5 15. Bxd6
Bxd6 16. Qxd6 Qxd6 17. Rxd6 Nhf6 18. Rfd1 Ne5 19. Na5 Ba8 20. Rxa6 Nc4 21. Bxc4 bxc4
22. a4 Ne8 23. Nb5 h6 24. Nd6 Nxd6 25. Raxd6 Rb8 26. b3 cxb3 27. Nxb3 Rfc8 28. R1d2
Kh7 29. a5 Bc6 30. Kf2 Ba4 31. a6 Bxb3 32. cxb3 Rxb3 33. Rd7 Ra3 34. a7 Ra8 35. Rxf7
R8xa7 36. Rdd7 Rxd7 37. Rxd7 Kg6 38. h4 Kf6 39. Kg3 g5 40. hxg5+ hxg5 41. Kg4 Ra2
42. g3 Ra6 43. Rd8 Ra5 44. Rf8+ Kg6 45. Rb8 Kf6 46. f4 gxf4 47. gxf4 Ra4 48. e5+
Kg6 49. Rb6 Kf7 50. Kg5 Ra7 51. Rb1 Rc7 52. Rh1 Kg7 53. Rg1 Ra7 54. Kh5+ Kf7 55.
Kh6 Kf8 56. Rg6 Ra4 57. Kg5 Kf7 58. Rf6+ Ke7 59. Rh6 Ra3 60. Rh7+ Kd8 61. Kf6 Ra4
62. Kxe6 Rxf4 63. Rh8+ Kc7 64. Ke7 Re4 65. e6 Re1 66. Rh2 Rc1 67. Rd2 Rc3 68. Ke8
Rc1 69. e7 Rc3 70. Rf2 Re3 71. Kf8 Kd7 72. Rd2+  1-0

[Event "1. OEsterreichische Internet Schach Meisterschaft - Vorrunde 2"]
[Site "Online - Playchess.com"]
[Date ""]
[Round "3"]
[Board "80"]
[White "Kreutzmann, Duke"]
[Black "Rampler, Evelyn"]
[Result "1-0"]
[WhiteElo "2036"]
[BlackElo "1806"]
[PlyCount "91"]
[EventDate "2020.04.13"]
[EventRounds "9"]
[EventCountry "AUT"]

1. d4 d5 2. Bf4 Nc6 3. e3 Nf6 4. Nf3 Nh5 5. Bg5 f6 6. Bh4 g5 7. Nxg5 fxg5 8. Qxh5+
Kd7 9. Bxg5 Bg7 10. Be2 Nb4 11. Na3 Qf8 12. c3 Nc6 13. Bg4+ Kd8 14. Bxc8 Kxc8 15.
Bf4 Bf6 16. Qxd5 Qg7 17. Qe6+ Kb8 18. Nb5 Rc8 19. Qd7 e5 20. Qxg7 Bxg7 21. dxe5 Nxe5
22. O-O-O Ng4 23. Bg3 a6 24. Nd4 Rf8 25. Ne6 Rf7 26. Nxg7 Rxg7 27. h3 Nxe3 28. Bxc7+
Kxc7 29. fxe3 Rxg2 30. Rd2 Rg7 31. Rhd1 Re8 32. Rd3 Rg3 33. Rd7+ Kb6 34. Rxh7 Rgxe3
35. Rdd7 Re1+ 36. Kc2 R1e2+ 37. Kb3 Rb8 38. h4 Re5 39. a4 Kc6 40. Rc7+ Kd5 41. Rcd7+
Ke4 42. Rxb7 Rxb7+ 43. Rxb7 Rh5 44. Rb6 a5 45. Rb5 Kf3 46. Rxh5  1-0

[Event "1. OEsterreichische Internet Schach Meisterschaft - Vorrunde 2"]
[Site "Online - Playchess.com"]
[Date ""]
[Round "3"]
[Board "81"]
[White "Mayrhuber, Nikola"]
[Black "Ussar, Reinhard"]
[Result "1/2-1/2"]
[WhiteElo "2025"]
[BlackElo "1676"]
[PlyCount "86"]
[EventDate "2020.04.13"]
[EventRounds "9"]
[EventCountry "AUT"]

1. d4 Nf6 2. c4 c5 3. d5 b5 4. Nf3 Bb7 5. e4 b4 6. e5 Ng8 7. Bd3 d6 8. exd6 Qxd6
9. O-O Nf6 10. g3 h5 11. Bf4 Qd7 12. Nh4 Qh3 13. Bf5 Ng4 14. Nf3 g6 15. Bd3 f6 16.
Re1 Kf7 17. Bf1 Nxf2 18. Kxf2 Qd7 19. Re6 g5 20. Be3 h4 21. Kg2 hxg3 22. hxg3 g4
23. Nh4 Qxe6 24. Kh2 Qxe3 25. Bg2 Rxh4+ 26. gxh4 Qf4+ 27. Kh1 g3 28. Nd2 Qxh4+ 29.
Kg1 Qh2+ 30. Kf1 Bh6 31. Nf3 Qh5 32. Qe2 Qf5 33. Kg1 Qf4 34. Re1 e5 35. dxe6+ Ke7
36. Qd3 Qh4 37. Kf1 Bxf3 38. Qxf3 Qf4 39. Kg1 Qd4+ 40. Kh1 Qh4+ 41. Kg1 Qd4+ 42.
Kh1 Qh4+ 43. Kg1 Qd4+  1/2-1/2

[Event "1. OEsterreichische Internet Schach Meisterschaft - Vorrunde 2"]
[Site "Online - Playchess.com"]
[Date ""]
[Round "3"]
[Board "82"]
[White "Missethan, Michael"]
[Black "Stolzlechner, Andreas"]
[Result "1-0"]
[WhiteElo "2015"]
[BlackElo "1835"]
[PlyCount "67"]
[EventDate "2020.04.13"]
[EventRounds "9"]
[EventCountry "AUT"]

1. e4 e5 2. Nf3 Nc6 3. Nc3 Nf6 4. d4 Nxd4 5. Nxd4 exd4 6. Qxd4 d6 7. Bg5 Be7 8. Bd3
h6 9. Bh4 Be6 10. O-O O-O 11. Ne2 Ng4 12. Bxe7 Qxe7 13. h3 Ne5 14. Nf4 Nxd3 15. Qxd3
Qg5 16. Nxe6 fxe6 17. Qb3 Rf6 18. Qxb7 Raf8 19. Qxc7 Rg6 20. g3 Qe5 21. Qc3 Qxe4
22. Rae1 Qf5 23. Qd3 Qh5 24. Kh2 d5 25. Re3 Rgf6 26. Qe2 Qf7 27. Kg2 g6 28. Ra3 Kh7
29. Qe3 Re8 30. Rxa7 Re7 31. Rxe7 Qxe7 32. a4 Qb7 33. Qb3 d4+ 34. Qxb7+  1-0

[Event "1. OEsterreichische Internet Schach Meisterschaft - Vorrunde 2"]
[Site "Online - Playchess.com"]
[Date ""]
[Round "3"]
[Board "83"]
[White "Schroettner, Martin"]
[Black "Moerwald, Miriam"]
[Result "1/2-1/2"]
[WhiteElo "1934"]
[BlackElo "1760"]
[PlyCount "142"]
[EventDate "2020.04.13"]
[EventRounds "9"]
[EventCountry "AUT"]

1. Nf3 d5 2. c4 e6 3. b3 Nf6 4. Bb2 Nc6 5. e3 Bb4 6. a3 Be7 7. Qc2 Nb8 8. Nc3 c5
9. cxd5 exd5 10. Be2 O-O 11. Rg1 Re8 12. h3 Nc6 13. g4 d4 14. Ne4 Nxe4 15. Qxe4 Bf6
16. g5 Rxe4 17. gxf6 Qxf6 18. Ng5 Re8 19. Bd3 Bf5 20. Bc4 Re7 21. O-O-O a6 22. Rg3
b5 23. Bd5 Rc8 24. Rdg1 Bg6 25. f4 c4 26. h4 cxb3 27. Kd1 Na5 28. h5 Bc2+ 29. Ke1
dxe3 30. Bxf6 exd2+ 31. Kxd2 Bf5 32. Nxf7 Rxf7 33. Bxf7+ Kxf7 34. Bxg7 Rc2+ 35. Ke3
Nc4+ 36. Kd4 b2 37. Kd5 Rd2+ 38. Kc6 Na5+ 39. Kb6 Nc4+ 40. Kxa6 b1=Q 41. Rxb1 Bxb1
42. h6 Nd6 43. Be5 Ra2 44. Rg7+ Ke6 45. Bxd6 Kxd6 46. Kxb5 Rxa3 47. Kb4 Rf3 48. Rf7
Bg6 49. Rf8 Ke7 50. Ra8 Rxf4+ 51. Kc5 Be4 52. Ra7+ Kf6 53. Kd6 Rh4 54. Ra4 Kg5 55.
Ke7 Bg6 56. Ra5+ Kg4 57. Ra4+ Kg5 58. Ra5+ Bf5 59. Kf8 Rxh6 60. Kg7 Rf6 61. Ra1 h5
62. Rg1+ Kf4 63. Kxf6 h4 64. Rf1+ Kg4 65. Rxf5 h3 66. Rg5+ Kh4 67. Rg1 h2 68. Rh1
Kg3 69. Kg5 Kg2 70. Ra1 h1=Q 71. Rxh1 Kxh1  1/2-1/2

[Event "1. OEsterreichische Internet Schach Meisterschaft - Vorrunde 2"]
[Site "Online - Playchess.com"]
[Date ""]
[Round "3"]
[Board "84"]
[White "Enne, Harald"]
[Black "Hofer, Martin"]
[Result "1-0"]
[WhiteElo "1916"]
[BlackElo "1603"]
[PlyCount "101"]
[EventDate "2020.04.13"]
[EventRounds "9"]
[EventCountry "AUT"]

1. d4 d5 2. c4 c6 3. Nc3 Nf6 4. Nf3 e6 5. Bg5 Be7 6. e3 O-O 7. Qc2 h6 8. Bh4 Nh7
9. Bxe7 Qxe7 10. Bd3 Ng5 11. Ne5 dxc4 12. Nxc4 f6 13. h4 Nf7 14. Bg6 Nd6 15. Nxd6
Qxd6 16. O-O f5 17. Rad1 e5 18. h5 Be6 19. dxe5 Qxe5 20. Rd2 Nd7 21. Rfd1 Nc5 22.
b4 Na6 23. a3 Nc7 24. Rd4 Qf6 25. Rd6 Rfd8 26. Rxd8+ Rxd8 27. Rxd8+ Qxd8 28. Bxf5
Qg5 29. Bxe6+ Nxe6 30. Qe4 Qf6 31. Ne2 Ng5 32. Qe8+ Kh7 33. Nf4 Qf7 34. Qxf7 Nxf7
35. g4 Kg8 36. f3 Ne5 37. Kg2 Kf7 38. e4 Kf6 39. Kf2 Kg5 40. Ke3 Nc4+ 41. Kd4 Nxa3
42. Ne6+ Kf6 43. Nf8 Nb5+ 44. Kc5 Nc3 45. Nd7+ Ke6 46. Nf8+ Kf7 47. Nd7 Ne2 48. e5
Ke6 49. Nf8+ Kxe5 50. Ng6+ Kf6 51. f4  1-0

[Event "1. OEsterreichische Internet Schach Meisterschaft - Vorrunde 2"]
[Site "Online - Playchess.com"]
[Date ""]
[Round "3"]
[Board "85"]
[White "Wilplinger, Hugo"]
[Black "Kwech, Andreas"]
[Result "1/2-1/2"]
[WhiteElo "1629"]
[BlackElo "1901"]
[PlyCount "88"]
[EventDate "2020.04.13"]
[EventRounds "9"]
[EventCountry "AUT"]

1. e4 c5 2. Nf3 d6 3. b3 Nf6 4. d3 g6 5. Bb2 Bg7 6. Nbd2 O-O 7. Be2 Nc6 8. O-O Bg4
9. h3 Bxf3 10. Nxf3 e5 11. c3 Re8 12. Qc2 d5 13. exd5 Nxd5 14. Rad1 Nf4 15. Rfe1
h6 16. Bf1 Qc8 17. Kh2 f5 18. Bc1 Ne6 19. Bd2 Qc7 20. Kh1 Rad8 21. Qc1 Kh7 22. Re2
Qf7 23. Be1 Nf4 24. Red2 b6 25. Rc2 g5 26. Bd2 Qh5 27. Bxf4 exf4 28. Kg1 Re7 29.
d4 Red7 30. Bb5 Qg6 31. Rcd2 g4 32. hxg4 fxg4 33. Bxc6 Qxc6 34. Ne5 Bxe5 35. dxe5
Rxd2 36. Rxd2 Rxd2 37. Qxd2 Qe4 38. Qd7+ Kh8 39. e6 Qe1+ 40. Kh2 g3+ 41. fxg3 Qxg3+
42. Kg1 Qe1+ 43. Kh2 Qg3+ 44. Kh1 Qe1+  1/2-1/2

[Event "1. OEsterreichische Internet Schach Meisterschaft - Vorrunde 2"]
[Site "Online - Playchess.com"]
[Date ""]
[Round "3"]
[Board "86"]
[White "Wurzer, Gerhard"]
[Black "Moerzinger, Christian Jun."]
[Result "1-0"]
[WhiteElo "1889"]
[BlackElo "1638"]
[PlyCount "99"]
[EventDate "2020.04.13"]
[EventRounds "9"]
[EventCountry "AUT"]

1. c3 g6 2. d3 Nf6 3. e4 Bg7 4. Nf3 d6 5. Qc2 O-O 6. Nbd2 Nbd7 7. Be2 e5 8. O-O h6
9. a4 Kh7 10. Re1 Nh5 11. Nf1 Nf4 12. Ng3 Nxe2+ 13. Qxe2 Nf6 14. Bd2 Bg4 15. Rac1
c6 16. h3 Be6 17. Be3 Nd7 18. Nd2 f5 19. f4 exf4 20. Bxf4 Qb6+ 21. Be3 Qxb2 22. Rb1
Qxc3 23. Rxb7 f4 24. Bxf4 Rxf4 25. Nf3 Qc5+ 26. Kh2 Ne5 27. Nxe5 Qxe5 28. Kh1 Raf8
29. Rxa7 Rf2 30. Qe3 Qc5 31. Qxc5 dxc5 32. Rc7 R8f7 33. Rxc6 Be5 34. Rxe6 Bxg3 35.
Kg1 Rd2 36. Rf1 Rxf1+ 37. Kxf1 Rxd3 38. Rc6 Rc3 39. a5 Kg7 40. a6 Bb8 41. a7 Bxa7
42. Rc7+ Kf6 43. Rxa7 Ke5 44. Re7+ Kd4 45. Kf2 Rc2+ 46. Kf3 c4 47. Rd7+ Kc3 48. e5
Kb3 49. e6 Re2 50. Kxe2  1-0

[Event "1. OEsterreichische Internet Schach Meisterschaft - Vorrunde 2"]
[Site "Online - Playchess.com"]
[Date ""]
[Round "3"]
[Board "87"]
[White "Neubauer, Anton"]
[Black "Steininger, Barbara"]
[Result "1/2-1/2"]
[WhiteElo "1879"]
[BlackElo "1622"]
[PlyCount "60"]
[EventDate "2020.04.13"]
[EventRounds "9"]
[EventCountry "AUT"]

1. e4 c5 2. Nf3 e6 3. c3 Nc6 4. d4 cxd4 5. cxd4 a6 6. a3 d6 7. Bd3 Nf6 8. O-O Be7
9. Re1 O-O 10. Nc3 Qa5 11. h3 Qh5 12. Be2 Qg6 13. Bd3 Qh5 14. Be2 Qa5 15. Bd2 Qc7
16. Bf4 e5 17. dxe5 dxe5 18. Bg5 Be6 19. Qc2 Rad8 20. Rad1 Rd7 21. Rxd7 Bxd7 22.
Bxf6 Bxf6 23. Nd5 Qd6 24. Rd1 Rd8 25. Nb6 Qc7 26. Nd5 Qd6 27. Nb6 Qe7 28. Nd5 Qe6
29. Nc7 Qe7 30. Nd5 Qd6  1/2-1/2

[Event "1. OEsterreichische Internet Schach Meisterschaft - Vorrunde 2"]
[Site "Online - Playchess.com"]
[Date ""]
[Round "3"]
[Board "88"]
[White "Bauer, Wolfgang"]
[Black "Messner, Andreas"]
[Result "1/2-1/2"]
[WhiteElo "1526"]
[BlackElo "1856"]
[PlyCount "137"]
[EventDate "2020.04.13"]
[EventRounds "9"]
[EventCountry "AUT"]

1. d4 Nf6 2. e3 d5 3. Bd3 c6 4. Nd2 Nbd7 5. Ngf3 Qc7 6. c3 e5 7. dxe5 Nxe5 8. Nxe5
Qxe5 9. Nf3 Qh5 10. O-O Bd6 11. g3 Bg4 12. Be2 c5 13. Re1 O-O 14. Nh4 Bxe2 15. Qxe2
Ng4 16. h3 Nf6 17. Qxh5 Nxh5 18. e4 dxe4 19. Rxe4 Rfe8 20. Rxe8+ Rxe8 21. Be3 Nxg3
22. Rd1 Bf8 23. Nf3 Nf5 24. Bf4 b6 25. Rd7 Ra8 26. Ng5 Be7 27. Nf3 f6 28. Rd2 Rd8
29. Re2 Kf7 30. Bc7 Re8 31. Rd2 Rc8 32. Bf4 Rd8 33. Re2 Bd6 34. Bxd6 Rxd6 35. Kg2
Ne7 36. b3 Ng6 37. Rc2 Nf4+ 38. Kg3 g5 39. Nh2 h5 40. f3 Nd5 41. Nf1 Re6 42. Nh2
Ne3 43. Rd2 Nf5+ 44. Kf2 Rd6 45. Re2 Re6 46. Rd2 Ke7 47. Nf1 Nd6 48. Ng3 h4 49. Ne2
Nf5 50. Ng1 Ng3 51. Kg2 Rd6 52. Rxd6 Kxd6 53. Kf2 b5 54. Ne2 a5 55. Nxg3 hxg3+ 56.
Kxg3 Ke5 57. Kf2 Kf4 58. a3 f5 59. b4 axb4 60. axb4 cxb4 61. cxb4 Ke5 62. Ke3 Kd5
63. Kd3 Ke5 64. Ke3 f4+ 65. Kd3 Kd5 66. Kc3 Ke5 67. Kd3 Kd5 68. Kc3 Ke5 69. Kd3  1/2-1/2

[Event "1. OEsterreichische Internet Schach Meisterschaft - Vorrunde 2"]
[Site "Online - Playchess.com"]
[Date ""]
[Round "3"]
[Board "89"]
[White "Maister, Dieter"]
[Black "Dilly, Julian"]
[Result "1-0"]
[WhiteElo "1851"]
[BlackElo "1502"]
[PlyCount "71"]
[EventDate "2020.04.13"]
[EventRounds "9"]
[EventCountry "AUT"]

1. e4 c5 2. Nf3 g6 3. d4 cxd4 4. Qxd4 Nf6 5. e5 Nc6 6. Qc3 Nd5 7. Qb3 e6 8. Nc3 Nxc3
9. bxc3 Bg7 10. Bf4 O-O 11. Bb5 Qc7 12. Bxc6 bxc6 13. O-O Rb8 14. Qa3 a5 15. Rab1
Ba6 16. Rfd1 Rxb1 17. Rxb1 Be2 18. Qc5 Bb5 19. Nd4 Qb7 20. c4 Qa6 21. cxb5 cxb5 22.
Qxb5 Qa7 23. Qb6 Qa8 24. g3 Rc8 25. Qb7 Qxb7 26. Rxb7 d6 27. Rb5 dxe5 28. Bxe5 Bxe5
29. Rxe5 Rc4 30. Nf3 Rxc2 31. Rxa5 Rc1+ 32. Kg2 Kg7 33. Ra7 Ra1 34. Ne5 Kf6 35. f4
Rb1 36. Rxf7#  1-0

[Event "1. OEsterreichische Internet Schach Meisterschaft - Vorrunde 2"]
[Site "Online - Playchess.com"]
[Date ""]
[Round "3"]
[Board "90"]
[White "Chen, Qingxia"]
[Black "Schwarz, Benedikt"]
[Result "1-0"]
[WhiteElo "1776"]
[BlackElo "1815"]
[PlyCount "79"]
[EventDate "2020.04.13"]
[EventRounds "9"]
[EventCountry "AUT"]

1. e4 e6 2. Nf3 d5 3. exd5 exd5 4. d4 Nf6 5. Bd3 c5 6. dxc5 Bxc5 7. O-O O-O 8. h3
Nc6 9. a3 Ne4 10. b4 Bb6 11. Bb2 Bf5 12. Nbd2 Nxf2 13. Rxf2 Bxd3 14. cxd3 Bxf2+ 15.
Kxf2 Qb6+ 16. d4 Rfe8 17. Kg1 Qc7 18. Kh1 Re3 19. Rc1 Qd6 20. b5 Ne7 21. Ne5 Nf5
22. Qg4 Ng3+ 23. Kh2 f5 24. Qf4 Rd3 25. Nxd3 Qxf4 26. Nxf4 Ne4 27. Nxe4 dxe4 28.
Re1 Re8 29. d5 Rd8 30. Bd4 b6 31. a4 Kf7 32. Kg3 g5 33. Ne6 Rc8 34. Nxg5+ Kg6 35.
Ne6 Rc2 36. Nf4+ Kg5 37. h4+ Kh6 38. d6 Rd2 39. Be5 e3 40. Rxe3  1-0

[Event "1. OEsterreichische Internet Schach Meisterschaft - Vorrunde 2"]
[Site "Online - Playchess.com"]
[Date ""]
[Round "3"]
[Board "92"]
[White "Guba, Viktor"]
[Black "Buchner, Martin"]
[Result "1-0"]
[WhiteElo "1401"]
[BlackElo "1777"]
[PlyCount "47"]
[EventDate "2020.04.13"]
[EventRounds "9"]
[EventCountry "AUT"]

1. e4 e6 2. d4 d5 3. Nd2 Nf6 4. e5 Nfd7 5. Ne2 c5 6. c3 Nc6 7. Nf3 Qb6 8. Qc2 Be7
9. Be3 cxd4 10. cxd4 Qa5+ 11. Bd2 Qb6 12. Bc3 O-O 13. a3 h6 14. Ng3 f6 15. exf6 Nxf6
16. Bd3 Bd7 17. O-O Rac8 18. Qe2 a6 19. Ne5 Nxe5 20. dxe5 Nh7 21. Qg4 Qc7 22. Qg6
Rf7 23. Qxh7+ Kf8 24. Qh8#  1-0

[Event "1. OEsterreichische Internet Schach Meisterschaft - Vorrunde 2"]
[Site "Online - Playchess.com"]
[Date ""]
[Round "3"]
[Board "93"]
[White "Kessler, Manuel"]
[Black "Astner, Klaus"]
[Result "1-0"]
[WhiteElo "1731"]
[BlackElo "1409"]
[PlyCount "69"]
[EventDate "2020.04.13"]
[EventRounds "9"]
[EventCountry "AUT"]

1. e4 c6 2. c4 d5 3. cxd5 cxd5 4. exd5 Qxd5 5. Nc3 Qd8 6. Nf3 Nf6 7. d4 g6 8. Bd3
Bg7 9. O-O O-O 10. Re1 Bg4 11. h3 Bxf3 12. Qxf3 Qxd4 13. Qxb7 Nbd7 14. Qf3 Nh5 15.
Bc2 e6 16. Be3 Qb4 17. Bb3 Bxc3 18. bxc3 Qxc3 19. Rac1 Qb4 20. Red1 Ne5 21. Qe2 Nf4
22. Qc2 Nh5 23. Bc5 Qb5 24. Bxf8 Rxf8 25. Qc5 Qxc5 26. Rxc5 Nd3 27. Rxd3 Nf4 28.
Rd7 Ne2+ 29. Kh2 Nf4 30. Rxa7 Rd8 31. Rcc7 Rf8 32. g3 Ne2 33. Bxe6 Nd4 34. Bxf7+
Rxf7 35. Rxf7  1-0

[Event "1. OEsterreichische Internet Schach Meisterschaft - Vorrunde 2"]
[Site "Online - Playchess.com"]
[Date ""]
[Round "3"]
[Board "94"]
[White "Kwech, Martin"]
[Black "Lager, Johannes Jun."]
[Result "1-0"]
[WhiteElo "1105"]
[BlackElo "1722"]
[PlyCount "153"]
[EventDate "2020.04.13"]
[EventRounds "9"]
[EventCountry "AUT"]

1. e4 c5 2. Nf3 d6 3. Bb5+ Nd7 4. d4 cxd4 5. Nxd4 a6 6. Bxd7+ Bxd7 7. Nc3 Nf6 8.
f3 e6 9. Bg5 Be7 10. O-O h6 11. Bh4 O-O 12. Qe2 Qc7 13. Rad1 Rac8 14. Nb3 b5 15.
a3 Qb6+ 16. Qf2 Qb8 17. Qd2 Rfe8 18. e5 Nd5 19. Bxe7 Nxe7 20. exd6 Nc6 21. Nd4 Qb6
22. Kh1 Red8 23. Nxc6 Rxc6 24. Qd4 Be8 25. Qxb6 Rxb6 26. Ne4 f5 27. Nc5 Rbxd6 28.
Rxd6 Rxd6 29. Kg1 Rc6 30. b4 Bf7 31. Rd1 e5 32. Rd8+ Kh7 33. Rd1 a5 34. Re1 axb4
35. axb4 e4 36. fxe4 fxe4 37. Rxe4 Bg6 38. Re2 Rf6 39. Nd3 Rd6 40. Nf4 Bf5 41. Kf2
Rc6 42. Re5 Bxc2 43. Rxb5 Rc4 44. Ne2 Bd3 45. Ke3 Bxe2 46. Kxe2 Rc2+ 47. Kf3 Rc3+
48. Ke4 Rc2 49. Kf3 Kg6 50. Rb6+ Kf7 51. Rb7+ Kg8 52. b5 Rb2 53. b6 g5 54. Rb8+ Kf7
55. b7 Ke7 56. Rh8 Rxb7 57. Rh7+ Kd6 58. Rxb7 Ke6 59. Rb6+ Kf7 60. Rxh6 Kg7 61. Rh5
Kg6 62. g4 Kf6 63. h4 gxh4 64. Rxh4 Kg5 65. Rh5+ Kg6 66. Kf4 Kf6 67. Rh6+ Kg7 68.
Rb6 Kf7 69. Ke5 Ke7 70. Rb7+ Kd8 71. Ke6 Kc8 72. Rh7 Kd8 73. Rg7 Kc8 74. Kd6 Kb8
75. Kc6 Ka8 76. Kb6 Kb8 77. Rg8#  1-0

[Event "1. OEsterreichische Internet Schach Meisterschaft - Vorrunde 2"]
[Site "Online - Playchess.com"]
[Date ""]
[Round "3"]
[Board "95"]
[White "Kanzian, Heinz"]
[Black "Pedevilla, Luis"]
[Result "0-1"]
[WhiteElo "1642"]
[BlackElo "1650"]
[PlyCount "42"]
[EventDate "2020.04.13"]
[EventRounds "9"]
[EventCountry "AUT"]

1. e4 c5 2. Nc3 Nc6 3. Nf3 g6 4. h3 Bg7 5. d3 e6 6. Bd2 Nge7 7. Be2 O-O 8. O-O d5
9. exd5 exd5 10. Qc1 b6 11. Bh6 Nf5 12. Bxg7 Kxg7 13. Nd1 a5 14. a3 Ncd4 15. Nxd4
Nxd4 16. Qd2 Re8 17. Re1 Qf6 18. Ne3 Qg5 19. Bg4 Bxg4 20. Nxg4 Qxd2 21. Rxe8 Rxe8
 0-1